<?xml version="1.0" encoding="UTF-8"?>
<record
    xmlns:xsi="http://www.w3.org/2001/XMLSchema-instance"
    xsi:schemaLocation="http://www.loc.gov/MARC21/slim http://www.loc.gov/standards/marcxml/schema/MARC21slim.xsd"
    xmlns="http://www.loc.gov/MARC21/slim">

  <leader>00845nam a22002057a 4500</leader>
  <controlfield tag="003">UA-OsUOA</controlfield>
  <controlfield tag="001"> 129187 </controlfield>
  <controlfield tag="007">ta</controlfield>
  <controlfield tag="008">20180220b un ||||| |||| 00| 0 ukr d</controlfield>
  <datafield tag="100" ind1=" " ind2=" ">
    <subfield code="a">&#x415;&#x43C;&#x430;&#x440; &#x41C;.</subfield>
  </datafield>
  <datafield tag="090" ind1=" " ind2=" ">
    <subfield code="b">&#x415;60</subfield>
  </datafield>
  <datafield tag="942" ind1=" " ind2=" ">
    <subfield code="c">EB</subfield>
  </datafield>
  <datafield tag="040" ind1=" " ind2=" ">
    <subfield code="a">UA-OsUOA</subfield>
    <subfield code="b">ukr</subfield>
    <subfield code="c">UA-OsUOA</subfield>
    <subfield code="d">UA-OsUOA</subfield>
  </datafield>
  <datafield tag="245" ind1=" " ind2=" ">
    <subfield code="a">&#x406;&#x441;&#x442;&#x43E;&#x440;&#x456;&#x44F; &#x456; &#x43F;&#x430;&#x43C;'&#x44F;&#x442;&#x44C;</subfield>
  </datafield>
  <datafield tag="955" ind1=" " ind2=" ">
    <subfield code="a">2</subfield>
  </datafield>
  <datafield tag="041" ind1=" " ind2=" ">
    <subfield code="a">ukr</subfield>
  </datafield>
  <datafield tag="856" ind1="4" ind2="0">
    <subfield code="u">https://javalibre.com.ua/java-book/book/394</subfield>
  </datafield>
  <datafield tag="520" ind1="3" ind2=" ">
    <subfield code="a">&#x41C;&#x43E;&#x440;&#x456;&#x441; &#x415;&#x43C;&#x430;&#x440; (1936 &#x440;.&#x43D;.) &#x2014; &#x441;&#x443;&#x447;&#x430;&#x441;&#x43D;&#x438;&#x439; &#x444;&#x440;&#x430;&#x43D;&#x446;&#x443;&#x437;&#x44C;&#x43A;&#x438;&#x439; &#x456;&#x441;&#x442;&#x43E;&#x440;&#x438;&#x43A;, &#x443;&#x447;&#x435;&#x43D;&#x44C; &#x424;&#x435;&#x440;&#x43D;&#x430;&#x43D;&#x430; &#x411;&#x440;&#x43E;&#x434;&#x435;&#x43B;&#x44F;,&#x43A;&#x43E;&#x442;&#x440;&#x438;&#x439; &#x449;&#x435; &#x432; &#x443;&#x43D;&#x456;&#x432;&#x435;&#x440;&#x441;&#x438;&#x442;&#x435;&#x442;&#x441;&#x44C;&#x43A;&#x456; &#x440;&#x43E;&#x43A;&#x438; &#x441;&#x444;&#x43E;&#x440;&#x43C;&#x443;&#x432;&#x430;&#x432; &#x434;&#x43E;&#x441;&#x43B;&#x456;&#x434;&#x43D;&#x438;&#x446;&#x44C;&#x43A;&#x438;&#x439; &#x456;&#x43D;&#x442;&#x435;&#x440;&#x435;&#x441; &#x415;&#x43C;&#x430;&#x440;&#x430; &#x434;&#x43E;&#x435;&#x43A;&#x43E;&#x43D;&#x43E;&#x43C;&#x456;&#x447;&#x43D;&#x43E;&#x457; &#x456;&#x441;&#x442;&#x43E;&#x440;&#x456;&#x457; &#x43C;&#x43E;&#x434;&#x435;&#x440;&#x43D;&#x43E;&#x457; &#x406;&#x442;&#x430;&#x43B;&#x456;&#x457; &#x442;&#x430; &#x421;&#x435;&#x440;&#x435;&#x434;&#x437;&#x435;&#x43C;&#x43D;&#x43E;&#x43C;&#x43E;&#x440;&#x2019;&#x44F;.</subfield>
  </datafield>
  <datafield tag="650" ind1=" " ind2="7">
    <subfield code="2">UDC</subfield>
  </datafield>
  <datafield tag="999" ind1=" " ind2=" ">
    <subfield code="c">416971</subfield>
    <subfield code="d">416971</subfield>
  </datafield>
</record>
